000 00431nam a2200145Ia 4500
008 100204s9999 xx 000 0 und d
082 _b11417
100 _aथोरे अशोक श्रीधर
245 _aमेसेज
260 _b"रावजी प्रकाशन , डोंबिवली"
_c1988
300 _a184
630 _aमेसेज
730 _aमेसेज
942 _cBOOK
999 _c455853
_d455850